[Event "17th Spring Festival"]
[Site "Budapest HUN"]
[Date "2001.03.16"]
[Round "1"]
[White "Galyas,M"]
[Black "Lukasovics,L"]
[Result "1-0"]
[WhiteElo "2375"]
[BlackElo "2115"]

1.d4 Nf6 2.c4 e6 3.Nf3 d5 4.Nc3 Be7 5.Bf4 O-O 6.e3 a6 7.c5 b5 8.b4 c6 9.a4 Bb7
10.axb5 axb5 11.Rxa8 Bxa8 12.Bd3 Nbd7 13.h3 Nh5 14.Bh2 g6 15.e4 f5 16.exf5 exf5
17.O-O Re8 18.Re1 Bf8 19.Rxe8 Qxe8 20.Nxd5 cxd5 21.Bxb5 Qc8 22.Qa4 Ndf6 23.Be5 Ne4
24.Bd7 Nc3 25.Bxc8  1-0

[Event "TCh-SVK"]
[Site "SVK"]
[Date "2001.03.17"]
[Round "10"]
[White "Prielozny,S"]
[Black "Kral,P HUN"]
[Result "0-1"]
[WhiteElo "2172"]
[BlackElo "2225"]

1.d4 Nf6 2.Nf3 e6 3.c4 d5 4.Nc3 Be7 5.Bf4 O-O 6.e3 Nbd7 7.h3 dxc4 8.Bxc4 Nb6
9.Bd3 Nbd5 10.Bh2 Bb4 11.Qc2 c5 12.O-O cxd4 13.exd4 Bd6 14.Bxd6 Qxd6 15.Nxd5 Qxd5
16.Bc4 Qd6 17.Rad1 b6 18.Rfe1 Bb7 19.Ne5 Rac8 20.Qd3 Nd5 21.Bb3 Qd8 22.Qg3 Qd6
23.a3 Rfe8 24.Rd2 Rc7 25.Bc2 Nf6 26.Bb1 Rec8 27.Rdd1 Qd5 28.f3 Qb3 29.Qh4 h6
30.Qf2 Rd8 31.Rd3 Qa4 32.Rd2 Rdc8 33.Rdd1 Bd5 34.Bd3 Bb3 35.Rd2 Bc2 36.Bf1 b5
37.Nd3 Bxd3 38.Bxd3 Rd8 39.Bb1 Rcd7 40.Bc2 Qc4 41.Re5 a6 42.Bd3 Qc1+ 43.Kh2 Qc7
44.f4 Kf8 45.Be2 Rd6 46.Bf3 Nd7 47.Re1 Nb6 48.Rc2 Qd7 49.Rec1 Rxd4 50.Rc6 Nc4
51.b3 Nd2 52.Rxa6 Rxf4 53.Rc3 Nxf3+ 54.Rxf3 Rxf3 55.Qxf3 Qc7+ 56.Kg1 Qc5+
57.Kh2 Qe5+ 58.Kg1 Qc7 59.Rc6  0-1

[Event "Amber Rapidplay"]
[Site "Monaco MNC"]
[Date "2001.03.18"]
[Round "2"]
[White "Van Wely,L"]
[Black "Kramnik,V"]
[Result "1/2-1/2"]
[WhiteElo "2700"]
[BlackElo "2772"]

1.d4 Nf6 2.c4 e6 3.Nf3 d5 4.Nc3 Be7 5.Bf4 O-O 6.e3 c5 7.dxc5 Bxc5 8.cxd5 Nxd5
9.Nxd5 exd5 10.a3 Nc6 11.Bd3 Bb6 12.O-O Bg4 13.h3 Bh5 14.b4 Re8 15.Ra2 d4
16.g4 Qd5 17.Rb2 Bg6 18.Bxg6 hxg6 19.b5 Na5 20.Nxd4 Nc4 21.Rb3 g5 22.Bg3 Bxd4
23.exd4 Nd2 24.Qxd2 Qxb3 25.Qxg5 f6 26.Qh5 Re4 27.g5 Qxb5 28.Qg6 Qe8 29.Qf5 Qe6
30.Qb5 Rxd4 31.Qxb7 Rad8 32.gxf6 gxf6 33.Kh2 R4d7 34.Qf3 Rh7 35.h4 Kh8 36.Rc1 Rf8
37.Rc6 Qf7 38.Qc3 Qg6 39.a4 Rh5 40.Qd4 Rh7 41.a5 Rg7 42.a6 Kh7 43.Rd6 Rff7
44.Rd5 f5 45.Rd6 Qh5 46.Qd3 Rg6 47.Rd5 Qg4 48.Rc5 Qe4 49.Qb3 Qe6 50.Qc2 Qxa6
51.Rxf5 Rxf5 52.Qxf5 Qe6 53.Qd3 Qg4 54.Qd5 a6 55.Qe5 Qe6 56.Qc5 Rf6 57.Be5 Rf3
58.Kg1 Rf5 59.Qc7+ Qf7 60.Qc2 Qg6+ 61.Bg3 a5 62.Qe4 Rf7 63.Qc4 Qb1+ 64.Kh2 Qf5
65.Qc6 Qg6 66.Qc4 Qh5 67.Qe4+ Qf5 68.Qc6 Rf6 69.Qb7+ Kg6 70.Qa8 Rf7 71.Qg8+ Rg7
72.Qe8+ Kh7 73.Qc6 Rd7 74.Qc4 Kg7 75.Qc6 Kf7 76.Qc4+ Ke7 77.Bf4 Qe6 78.Qc5+ Kf7
79.Qxa5 Qd5 80.Qa6 Qf3 81.Qa2+ Rd5 82.Bg3 Kg6 83.Qc2+ Kg7 84.Qc7+ Kg6 85.Qc6+ Kf7
86.Qb7+ Kg6 87.Qa8 Kh7 88.Qb7+ Kg6 89.Qc6+ Kf7 90.Qa8 Rd3 91.Qxf3+  1/2-1/2

[Event "Open"]
[Site "Bad Woerishofen GER"]
[Date "2001.03.20"]
[Round "6"]
[White "Puth,D"]
[Black "Doettling,F"]
[Result "0-1"]
[WhiteElo "2185"]
[BlackElo "2509"]

1.d4 d5 2.c4 e6 3.Nc3 Be7 4.Nf3 Nf6 5.Bf4 O-O 6.e3 c5 7.dxc5 Bxc5 8.Qc2 Nc6
9.Rd1 Qa5 10.a3 Be7 11.Nd2 e5 12.Bg5 d4 13.Nb3 Qd8 14.Be2 a5 15.Na4 Ng4 16.Bxe7 Qxe7
17.exd4 Qh4 18.g3 Qh3 19.Bf1 Qh5 20.Bg2 exd4 21.Nxd4 Re8+ 22.Kf1 Nxh2+ 23.Rxh2 Qxh2
24.Nxc6 Bh3  0-1

[Event "World Cup of Rapid Chess Gp B"]
[Site "Cannes FRA"]
[Date "2001.03.21"]
[Round "4"]
[White "Gurevich,M"]
[Black "Kasimdzhanov,R"]
[Result "1-0"]
[WhiteElo "2694"]
[BlackElo "2693"]

1.c4 e6 2.Nf3 d5 3.d4 Nf6 4.Nc3 Be7 5.Bf4 O-O 6.e3 Nbd7 7.c5 c6 8.Bd3 b6
9.b4 a5 10.a3 Ba6 11.O-O Bxd3 12.Qxd3 Qc8 13.Rfc1 Qb7 14.Nd2 Nh5 15.Be5 f6
16.Bg3 Nxg3 17.hxg3 e5 18.Nxd5 cxd5 19.c6 Qc7 20.Qb5 Nc5 21.bxc5 bxc5 22.e4 Rab8
23.Qa4 Rfd8 24.dxe5 dxe4 25.Nxe4 Rd4 26.Qc2 Qxe5 27.Re1 Bf8 28.Rac1 Qd5 29.c7 Rc8
30.Nc3 Qd7 31.a4 Qf7 32.Nb5 Rb4 33.Qf5 Rxc7 34.Nxc7 Qxc7 35.Re4 Rb8 36.Rd1 Qc6
37.Rc4 Re8 38.Qc2 g6 39.Qd2 Re5 40.Qxa5 Qe6 41.Qc3 Qa6 42.Rf4 Be7 43.Qc4+  1-0

[Event "Amber Rapidplay"]
[Site "Monaco MNC"]
[Date "2001.03.22"]
[Round "5"]
[White "Van Wely,L"]
[Black "Topalov,V"]
[Result "1/2-1/2"]
[WhiteElo "2700"]
[BlackElo "2718"]

1.d4 Nf6 2.c4 e6 3.Nf3 d5 4.Nc3 Be7 5.Bf4 O-O 6.e3 c5 7.dxc5 Bxc5 8.cxd5 Nxd5
9.Nxd5 exd5 10.a3 Nc6 11.Bd3 Bb6 12.O-O Bg4 13.h3 Bh5 14.b4 Re8 15.Be2 Bg6
16.Ra2 h6 17.Rd2 Be4 18.Qa1 Qe7 19.Rfd1 Rac8 20.Ne1 g5 21.Bg3 Ne5 22.Bb5 Nc6
23.Ba4 a5 24.Bb3 axb4 25.Bxd5 Bxd5 26.Rxd5 bxa3 27.Rd7 Qe4 28.Qxa3 Rcd8 29.Qb3 Qe6
30.Qxe6 Rxe6 31.Nf3 Rxd7 32.Rxd7 Re7 33.Rd5 Bc7 34.Bxc7 Rxc7 35.g4 f6 36.Nd2 Kf7
37.Ne4 Ne7 38.Rb5 Nc8 39.Kg2 b6 40.Kf3 Rc6 41.Rd5 Ke7 42.h4 Nd6 43.hxg5 hxg5
44.Nxd6 Rxd6 45.Rb5  1/2-1/2

[Event "Amber Rapidplay"]
[Site "Monaco MNC"]
[Date "2001.03.28"]
[Round "10"]
[White "Van Wely,L"]
[Black "Karpov,An"]
[Result "1/2-1/2"]
[WhiteElo "2700"]
[BlackElo "2679"]

1.Nf3 Nf6 2.c4 e6 3.Nc3 d5 4.d4 Be7 5.Bf4 O-O 6.e3 Nbd7 7.c5 c6 8.Bd3 b6
9.b4 a5 10.a3 Ba6 11.O-O Qc8 12.h3 Qb7 13.Qe2 Bxd3 14.Qxd3 axb4 15.axb4 Rxa1
16.Rxa1 Ra8 17.Qb1 Bd8 18.Nd2 h6 19.Ra2 bxc5 20.Rxa8 Qxa8 21.bxc5 Qa3 22.Nb3 Qb4
23.Qc2 Ne8 24.Nc1 Ba5 25.N3a2 Qe1+ 26.Kh2 g5 27.Nd3 Qf1 28.Bg3 h5 29.Nab4 h4
30.Bd6 Bxb4 31.Nxb4 Qb5 32.Nd3 Ndf6 33.Be5 Nh5 34.Qd1 Nhg7 35.Kg1 f6 36.Bh2 Nf5
37.Ne1 Neg7 38.Nf3 Kf7 39.Qc2  1/2-1/2

[Event "TCh-CHN Men"]
[Site "Suzhou, Jiangsu CHN"]
[Date "2001.03.30"]
[Round "5"]
[White "Lin Ta"]
[Black "Ji Dan"]
[Result "1-0"]
[WhiteElo "2374"]
[BlackElo "2297"]

1.d4 d5 2.c4 e6 3.Nf3 Nf6 4.Nc3 Be7 5.Bf4 O-O 6.e3 c5 7.dxc5 Bxc5 8.a3 Nc6
9.cxd5 exd5 10.Be2 d4 11.Na4 b6 12.b4 Bd6 13.Bxd6 Qxd6 14.b5 Ne5 15.Nxd4 Bb7
16.O-O Rad8 17.Nc3 Rc8 18.Nb1 Ne4 19.f3 Nc3 20.Nxc3 Rxc3 21.Nf5 Qc5 22.Qd6 g6
23.Qxc5 bxc5 24.Nd6 Ba8 25.Rfc1 Rxe3 26.Kf2 Rd3 27.Bxd3 Nxd3+ 28.Ke3 Nxc1
29.Rxc1 Rd8 30.Rxc5 Rxd6 31.Rc8+ Kg7 32.Rxa8 Rd7 33.a4 Kf6 34.Re8 Rd1 35.Re4 Ra1
36.Rc4 Kg7 37.Kd4 Ra2 38.g4  1-0

[Event "Bundesliga 2000-1"]
[Site "Godesberg GER"]
[Date "2001.04.01"]
[Round "13"]
[White "Van Wely,L"]
[Black "Paulsen,D"]
[Result "1-0"]
[WhiteElo "2700"]
[BlackElo "2419"]

1.d4 d5 2.c4 e6 3.Nf3 Nf6 4.Nc3 Be7 5.Bf4 O-O 6.e3 dxc4 7.Bxc4 a6 8.a4 b6
9.O-O Bb7 10.Qe2 c6 11.Bd3 b5 12.Ne4 Nxe4 13.Bxe4 Nd7 14.Ne5 Nxe5 15.Bxe5 Qb6
16.a5 Qd8 17.Qc2 g6 18.Qc3 b4 19.Qc4 Qd7 20.Rfd1 f6 21.Bg3 f5 22.Bc2 c5 23.Bb3 Kf7
24.e4 cxd4 25.Rxd4 Qc6 26.Qe2 fxe4 27.Ba4 Qc5 28.Rd7 Bd5 29.Rc7 Qd4 30.Rd1  1-0

[Event "TCh-EST"]
[Site "Parnu/Tallinn EST"]
[Date "2001.04.06"]
[Round "?"]
[White "Tsiganova,M"]
[Black "Keskel,M"]
[Result "1/2-1/2"]
[WhiteElo "2239"]
[BlackElo "2072"]

1.d4 Nf6 2.c4 e6 3.Nf3 d5 4.Nc3 Be7 5.Bf4 O-O 6.e3 Bb4 7.Qb3 c5 8.dxc5 Bxc3+
9.Qxc3 Ne4 10.Qa3 Nd7 11.cxd5 Ndxc5 12.dxe6 Bxe6 13.Rd1 Qf6 14.Be2 b5 15.Bxb5 Bg4
16.Be2 g5 17.Bxg5 Nxg5 18.Qxc5 Bxf3 19.gxf3 Nxf3+ 20.Bxf3 Qxf3 21.Rg1+ Kh8
22.Qe5+ f6 23.Qg3 Qb7 24.Qh4 Qxb2 25.Rg4 Rac8 26.Rgd4 Qxa2 27.Rd7 Qa5+ 28.Kf1 Qb5+
29.Kg2 Rg8+ 30.Kf3 Qf5+ 31.Ke2 Rc2+ 32.R1d2 Qb5+ 33.Kf3 Qf5+ 34.Ke2 Qb5+
35.Kf3 Qf5+ 36.Ke2 Qb5+  1/2-1/2

[Event "TCh-EST"]
[Site "Parnu/Tallinn EST"]
[Date "2001.04.06"]
[Round "?"]
[White "Tsiganova,M"]
[Black "Olde,H"]
[Result "1/2-1/2"]
[WhiteElo "2239"]
[BlackElo "2357"]

1.d4 Nf6 2.c4 e6 3.Nf3 d5 4.Nc3 Be7 5.Bf4 c6 6.e3 Nbd7 7.Bd3 O-O 8.O-O Re8
9.Rc1 Nf8 10.Qe2 Nh5 11.Bg3 Nxg3  1/2-1/2

[Event "It"]
[Site "Antalya TUR"]
[Date "2001.04.08"]
[Round "11"]
[White "Olcayoz,A"]
[Black "Radulov,I"]
[Result "1/2-1/2"]
[WhiteElo "2339"]
[BlackElo "2389"]

1.d4 d5 2.Nf3 Nf6 3.c4 e6 4.Nc3 Be7 5.Bf4 O-O 6.e3 dxc4 7.Bxc4 a6 8.a4 c5
9.O-O Nc6 10.dxc5 Bxc5  1/2-1/2

[Event "Israel Open Ch"]
[Site "Tel Aviv ISR"]
[Date "2001.04.09"]
[Round "1"]
[White "Gyimesi,Z"]
[Black "Antilov,B"]
[Result "1-0"]
[WhiteElo "2571"]
[BlackElo "2223"]

1.d4 d5 2.c4 e6 3.Nf3 Nf6 4.Nc3 Be7 5.Bf4 O-O 6.e3 c6 7.Bd3 dxc4 8.Bxc4 b5
9.Bd3 Bb7 10.O-O Nbd7 11.Rc1 Rc8 12.a3 a6 13.b4 a5 14.Qb3 axb4 15.axb4 Nd5
16.Nxd5 exd5 17.Bf5 Ra8 18.Bxd7 Qxd7 19.Ne5 Qe6 20.Ra1 Rfc8 21.h3 f6 22.Nd3 g5
23.Bg3 Kg7 24.e4 Kf7 25.e5 f5 26.f4 h6 27.Bh2 Kg7 28.Rae1 Ra4 29.fxg5 hxg5
30.h4 g4 31.Nf4 Qh6 32.Qd3 Rf8 33.h5 Bc8 34.e6 Bxb4 35.Ng6 Bxe1 36.Nxf8 Bxe6
37.Bf4 Bf2+ 38.Rxf2 Ra1+ 39.Rf1 Rxf1+ 40.Qxf1 Qxh5 41.Nxe6+ Kf6 42.Qe1  1-0

[Event "Israel Open Ch"]
[Site "Tel Aviv ISR"]
[Date "2001.04.10"]
[Round "2"]
[White "Zak,U"]
[Black "Doettling,F"]
[Result "0-1"]
[WhiteElo "2335"]
[BlackElo "2509"]

1.c4 e6 2.Nc3 d5 3.d4 Be7 4.Nf3 Nf6 5.Bf4 O-O 6.e3 c5 7.dxc5 Bxc5 8.a3 Nc6
9.Qc2 Qa5 10.O-O-O Be7 11.h4 a6 12.h5 dxc4 13.h6 g6 14.Bxc4 b5 15.Bd3 Bb7
16.Nd2 Rac8 17.Kb1 Nb8 18.Nb3 Qb6 19.Nd4 Nbd7 20.Bg5 b4 21.axb4 Bxb4 22.Nde2 Nd5
23.Na4 Qa5 24.Qb3 Bc6 25.Bc2 Bb5 26.Nac3 Nxc3+ 27.bxc3 Ba3  0-1

[Event "Solett Open"]
[Site "Skelleftea SWE"]
[Date "2001.04.11"]
[Round "2"]
[White "Kiriakov,P"]
[Black "Krylov,St"]
[Result "1-0"]
[WhiteElo "2546"]
[BlackElo "2295"]

1.d4 d5 2.c4 e6 3.Nc3 Be7 4.Nf3 Nf6 5.Bf4 O-O 6.e3 c6 7.h3 Nbd7 8.Bd3 Re8
9.O-O Nf8 10.c5 N6d7 11.b4 f5 12.b5 Bf6 13.bxc6 bxc6 14.Bd6 Qa5 15.Qe1 Ba6
16.Nxd5 Qxe1 17.Nxf6+ Nxf6 18.Nxe1 Bxd3 19.Nxd3 Ne4 20.Bh2 Nd7 21.f3 Nc3
22.Kf2 g5 23.Rfc1 Nd5 24.Rab1 Re7 25.Bd6 Rf7 26.Rb3 a5 27.Rc4 h5 28.Ra4 f4
29.e4 Ne3 30.h4 Nd1+ 31.Ke2 Ne3 32.hxg5 Nxg2 33.Kf2  1-0

[Event "Open"]
[Site "Metz FRA"]
[Date "2001.04.12"]
[Round "6"]
[White "Legky,N"]
[Black "Zigura,O"]
[Result "1-0"]
[WhiteElo "2477"]
[BlackElo "2392"]

1.d4 d5 2.c4 e6 3.Nc3 Be7 4.Nf3 Nf6 5.Bf4 c6 6.e3 O-O 7.h3 b6 8.Bd3 Bb7 9.O-O c5
10.cxd5 cxd4 11.Nxd4 Nxd5 12.Qf3 Nd7 13.Nxd5 Bxd5 14.e4 Bb7 15.Bb5 e5 16.Nf5 exf4
17.Rad1 Ne5 18.Qxf4 Bg5 19.Qxe5 Qf6 20.Qxf6 Bxf6 21.Nd6 Rab8 22.Bc4 Bc6 23.b3 Be5
24.Rfe1 b5 25.Nf5 Rfe8 26.Bd5 Bb7 27.g3 b4 28.Bxb7 Rxb7 29.f4 Bc3 30.Re3 g6
31.Nd6 Rd8 32.Red3 Rbd7 33.e5 Kf8 34.Kf1 f6 35.e6 Re7 36.Re3 f5 37.g4 Rc7
38.gxf5 gxf5 39.Rd5 Bf6 40.Rxf5 Ke7 41.Nc4 Rc6 42.Rh5 Rh8 43.Rb5 Bd4 44.Rb7+ Kf6
45.Rf7+ Kg6 46.f5+  1-0

[Event "5th Neckar Open"]
[Site "Deizisau GER"]
[Date "2001.04.13"]
[Round "2"]
[White "Tregubov,P"]
[Black "Hamm,S"]
[Result "1-0"]
[WhiteElo "2628"]
[BlackElo "2247"]

1.d4 Nf6 2.c4 e6 3.Nf3 d5 4.Nc3 Be7 5.Bf4 O-O 6.e3 c5 7.dxc5 Qa5 8.a3 dxc4
9.Bxc4 Qxc5 10.Bd3 Nc6 11.O-O e5 12.Bg5 Bg4 13.h3 Bh5 14.Bxf6 Bxf6 15.Ne4 Qb6
16.Nxf6+ gxf6 17.Qa4 Bg6 18.Be4 Ne7 19.Rac1 Rac8 20.Rc3 Rxc3 21.bxc3 Bxe4
22.Qxe4 Qc6 23.Qh4 Ng6 24.Qh6 Kh8 25.Rd1 Rg8 26.Qh5 Qxc3 27.Rd7 Qc1+ 28.Kh2 Qf1
29.Qh6 Rg7 30.Rd8+ Rg8 31.Rd7 Rg7 32.Rd2 Qc4 33.h4 Qc6 34.Qh5 Qe6 35.Kh1 Ne7
36.Nh2 Rg8 37.Qf3 Nc6 38.Nf1 Rg4 39.Ng3 Rxh4+ 40.Kg1 e4 41.Qd1 Qg4 42.Qb3 Ne5
43.Qxb7 f5 44.Qb8+  1-0

[Event "FSGM April"]
[Site "Budapest HUN"]
[Date "2001.04.14"]
[Round "8"]
[White "Varga,Zo"]
[Black "Narciso Dublan,M"]
[Result "1-0"]
[WhiteElo "2503"]
[BlackElo "2544"]

1.d4 d5 2.Nf3 Nf6 3.c4 e6 4.Nc3 Be7 5.Bf4 O-O 6.e3 Nbd7 7.Rc1 c6 8.h3 Ne4
9.Bd3 f5 10.O-O Bf6 11.b4 a6 12.a4 g5 13.Bh2 Qe7 14.Qb3 h5 15.Rc2 g4 16.hxg4 hxg4
17.Bxe4 dxe4 18.Nd2 Kg7 19.Ne2 Rh8 20.Rd1 Nf8 21.c5 Ng6 22.Nc4 Bd7 23.Nf4 Rh6
24.Bg3 Rah8 25.Kf1 Rh1+ 26.Ke2 Rxd1 27.Kxd1 Rh1+ 28.Kd2 Be8 29.Nd6 Nxf4 30.Bxf4 g3
31.Bxg3 Bh5 32.Rc1 Rxc1 33.Kxc1 Be2 34.Kd2 Bd3 35.Qd1 Kg8 36.f3 Bxd4 37.fxe4 Qg5
38.Bf4 Qxg2+ 39.Kxd3 Bg7 40.Qe1 fxe4+ 41.Nxe4 Qb2 42.a5 Kf7 43.Bg3 Kg8 44.Bd6 Qa2
45.Qh4 Qb1+ 46.Ke2 Qc2+ 47.Kf3 Qd1+ 48.Kf2 Qc2+ 49.Kg3 Qc1 50.Qf4 Qg1+ 51.Kh3 Qh1+
52.Kg4 Bh6 53.Ng5 Qd1+ 54.Qf3 Qg1+ 55.Bg3 Bxg5 56.Kxg5 Qb1 57.Qf6 Qg1 58.Qxe6+ Kf8
59.Qc8+ Ke7 60.Qxb7+  1-0

[Event "Spring Festival"]
[Site "Bucharest ROM"]
[Date "2001.04.15"]
[Round "10"]
[White "Cioara,A"]
[Black "Jovanovic,Nen"]
[Result "1/2-1/2"]
[WhiteElo "2410"]
[BlackElo "2351"]

1.d4 d5 2.c4 e6 3.Nc3 Nf6 4.Nf3 Be7 5.Bf4 O-O 6.e3 c6 7.cxd5 exd5 8.Bd3 Nbd7
9.O-O Re8 10.Rb1 Nf8 11.b4  1/2-1/2

[Event "Israel Open Ch"]
[Site "Tel Aviv ISR"]
[Date "2001.04.16"]
[Round "8"]
[White "Gyimesi,Z"]
[Black "Van den Doel,E"]
[Result "1-0"]
[WhiteElo "2571"]
[BlackElo "2574"]

1.d4 Nf6 2.c4 e6 3.Nf3 d5 4.Nc3 Be7 5.Bf4 O-O 6.e3 c5 7.dxc5 Bxc5 8.cxd5 Nxd5
9.Nxd5 exd5 10.a3 Nc6 11.Bd3 Bb6 12.O-O Bg4 13.h3 Bh5 14.b4 Re8 15.Rc1 a6
16.g4 Bg6 17.Bxg6 hxg6 18.Qd3 d4 19.e4 Bc7 20.Bxc7 Qxc7 21.Kg2 Qf4 22.Rfe1 Re7
23.Rc2 Rae8 24.Rce2 Kh8 25.Nxd4 Ne5 26.Qe3 Qxe3 27.Rxe3 Nc4 28.Rc3 b5 29.f3 Rd8
30.Nc2 f5 31.exf5 Rxe1 32.Nxe1 gxf5 33.Nd3 Ne3+ 34.Kg3 g5 35.gxf5 Kg7 36.Nf2 Nxf5+
37.Kg4 Rd5 38.Kxg5 Ne3+ 39.Kf4 Nc4 40.Ne4 Kg6 41.h4 Rd1 42.Nc5 Kh5 43.Nxa6 Kxh4
44.Nc7  1-0

[Event "Classics GM"]
[Site "Gausdal NOR"]
[Date "2001.04.17"]
[Round "3"]
[White "Solozhenkin,E"]
[Black "Akesson,R"]
[Result "0-1"]
[WhiteElo "2512"]
[BlackElo "2463"]

1.d4 d5 2.Nf3 Nf6 3.c4 e6 4.Nc3 Be7 5.Bf4 O-O 6.e3 c5 7.dxc5 Bxc5 8.cxd5 Nxd5
9.Nxd5 exd5 10.a3 Nc6 11.Bd3 Bb6 12.O-O d4 13.e4 Bg4 14.h3 Bh5 15.g4 Bg6
16.Bg3 Bc7 17.Bxc7 Qxc7 18.Nh4 Rfe8 19.Re1 Ne5 20.Bf1 Qb6 21.b4 Rad8 22.Kg2 d3
23.Nxg6 hxg6 24.Re3 Rd4 25.Qb3 Red8 26.Rd1 g5 27.Kg1 a5 28.Rb1 axb4 29.axb4 Qf6
30.Rd1 b5 31.Qc3 Rc4 32.Qb3 Rc2  0-1

[Event "ch-City"]
[Site "St Petersburg RUS"]
[Date "2001.04.17"]
[Round "7"]
[White "Ivanov,Se"]
[Black "Karasev,V"]
[Result "1/2-1/2"]
[WhiteElo "2547"]
[BlackElo "2420"]

1.d4 d5 2.c4 e6 3.Nc3 Be7 4.Nf3 Nf6 5.Bf4 O-O 6.e3 c5 7.dxc5 Bxc5 8.cxd5 Nxd5
9.Nxd5 exd5 10.a3 Nc6 11.Bd3 Bd6 12.Qa4 Qf6 13.Bxd6 Qxd6 14.O-O Qf6 15.Qb5 Rd8
16.Rad1 a6 17.Qb6 Bg4 18.Be2 d4 19.Qxb7 Rdb8 20.Qc7 Rxb2 21.Nxd4 Bxe2 22.Nxe2 Rxe2
23.Rd6 Qc3 24.Qb7 Rf8 25.Rxc6 Qxa3 26.Rxa6 Qc3 27.g3 g6 28.h4 h5 29.Qd5 Kg7
30.Rc6 Qb2 31.Qe4 Rd2 32.Rb1 Re8 33.Rxb2 Rd1+ 34.Kg2 Rxe4 35.Rb7 Rd5 36.Kf3 Re8
37.e4 Rde5 38.Rcc7 Rf8 39.Kf4 Ra5 40.e5 Ra4+ 41.Kf3 Kg8 42.Kg2 Re4 43.Re7 Re1
44.Ra7 Re4 45.Kf1 Kg7 46.f3 Re3 47.Kf2 Rb3 48.e6 Kf6 49.exf7 Kg7 50.Kg2 Rb2+
51.Kh3 Rb3 52.Re6 Rxf3 53.Raa6 Kxf7 54.Rxg6 Rf5 55.Rh6 Kg7 56.Rag6+ Kf7 57.g4 Rf3+
58.Kg2 hxg4 59.h5 Ke7 60.Rxg4 Rf2+ 61.Kg3 R8f3+ 62.Kh4 Rf4 63.Rg6 Rh2+ 64.Kg5 Rxg4+
65.Kxg4 Kf7 66.Kg5 Rf2 67.Kh6 Rf5 68.Rg7+  1/2-1/2

[Event "Open"]
[Site "Dubai UAE"]
[Date "2001.04.19"]
[Round "5"]
[White "Kobalija,M"]
[Black "Neverov,V"]
[Result "1/2-1/2"]
[WhiteElo "2590"]
[BlackElo "2562"]

1.d4 d5 2.c4 e6 3.Nc3 Be7 4.Nf3 Nf6 5.Bf4 O-O 6.e3 c5 7.dxc5 Bxc5 8.a3 Nc6
9.Rc1 d4 10.exd4 Nxd4 11.b4 Nxf3+ 12.Qxf3 Bd4 13.Be2 e5 14.Bg5 h6 15.Bxf6 Qxf6
16.Qxf6 gxf6 17.O-O a5 18.Bf3 axb4 19.axb4 Kg7 20.Rfd1 Rd8 21.c5 Bd7 22.Ne4  1/2-1/2

[Event "Masters"]
[Site "Besancon FRA"]
[Date "2001.04.21"]
[Round "1"]
[White "Chernuschevich,A"]
[Black "Neiman,E"]
[Result "1-0"]
[WhiteElo "2440"]
[BlackElo "2318"]

1.d4 d5 2.Nf3 Nf6 3.c4 e6 4.Nc3 Be7 5.Bf4 O-O 6.e3 c6 7.Qc2 Nbd7 8.a3 Re8
9.h3 dxc4 10.Bxc4 a6 11.O-O c5 12.dxc5 Bxc5 13.Rfd1 b5 14.Bd3 Qb6 15.Ne5 Ra7
16.a4 b4 17.a5 Qb7 18.Nxd7 Bxd7 19.Ne4 Be7 20.Nxf6+ Bxf6 21.Bxh7+ Kh8 22.Be4 Qb5
23.Bd3 Qh5 24.Bd6 Rc8 25.Qb3 Bb5 26.Be4 Qh4 27.Bf3 Rd7 28.Bxb4 Rxd1+ 29.Bxd1 Bc4
30.Qc2 Rc6 31.Bc3 Bd5 32.Bxf6 Qxf6 33.Qe2 Be4 34.f3 Bd5 35.e4 Bc4 36.Qd2 e5
37.Rc1 Rd6 38.Qe3 Qh4 39.Ba4 Be6 40.Rd1 Rxd1+ 41.Bxd1 Qd8 42.Qe1 Qd4+ 43.Kh2 Qxb2
44.Be2 Bc8 45.Qh4+ Kg8 46.Qd8+ Kh7 47.Qxc8 Qxe2 48.Qf5+ Kh6 49.Qxf7 g6 50.Qf8+ Kh7
51.Qe7+ Kg8 52.Qxe5 Qe1 53.Qe6+ Kh7 54.Qxa6 g5 55.Qb7+ Kg6 56.Qc6+ Kh7 57.a6 Qf2
58.Qc7+ Kh6 59.a7  1-0

[Event "Tch-NED"]
[Site "NED"]
[Date "2001.04.22"]
[Round "9"]
[White "Delemarre,J"]
[Black "De Roda,J"]
[Result "1-0"]
[WhiteElo "2370"]
[BlackElo "2327"]

1.d4 d5 2.c4 e6 3.Nf3 Nf6 4.Nc3 Be7 5.Bf4 O-O 6.e3 c5 7.dxc5 Bxc5 8.cxd5 Nxd5
9.Nxd5 exd5 10.a3 Nc6 11.Bd3 Bb6 12.O-O Bg4 13.h3 Bxf3 14.Qxf3 d4 15.Rad1 Qf6
16.e4 Ne5 17.Bxe5 Qxe5 18.Qg4 Rac8 19.Rc1 Rxc1 20.Rxc1 h5 21.Qd7 g6 22.Rc2 h4
23.Qxb7 Qa5 24.Kf1 Qe5 25.Kg1 Qa5 26.Kf1 Qe5 27.Rc8 Qf4 28.Ke2 Rxc8 29.Qxc8+ Kg7
30.Qd7 Qc1 31.Qb5 Qc5 32.Qxc5 Bxc5 33.b4 Bd6 34.Bc2 Kf6 35.Bb3 Ke7 36.Kd3 f6
37.Kxd4 Kd8 38.Ba4 Kc7 39.Kd5 g5 40.Ke6 Be5 41.Bb3 Kc6 42.a4 Kc7 43.Bd5 Bc3
44.Bc4 Be5 45.a5 Bc3 46.b5 Bd4 47.b6+ axb6 48.a6 b5 49.Bxb5 Kb6 50.Be2 Be5
51.g3 Bd4 52.gxh4 gxh4 53.f4 Kc7 54.e5  1-0

[Event "2nd ch-EUR Women"]
[Site "Warsaw POL"]
[Date "2001.04.23"]
[Round "2"]
[White "Agababean,N"]
[Black "Medic,Mir"]
[Result "1/2-1/2"]
[WhiteElo "2362"]
[BlackElo "2274"]

1.d4 d5 2.Nf3 Nf6 3.c4 e6 4.Nc3 Be7 5.Bf4 O-O 6.e3 c5 7.dxc5 Bxc5 8.Bg5 Bb4
9.Qb3 Qa5 10.Bxf6 gxf6 11.Rc1 dxc4 12.Bxc4 Nc6 13.O-O Bxc3 14.Qxc3 Qxc3 15.Rxc3 Rd8
16.Rfc1 Bd7 17.a3 Be8 18.Kf1 Rd6 19.b4 a6 20.Rd3 Rad8 21.Rxd6 Rxd6 22.Ke2 Kf8
23.Bd3 Kg7 24.Rc5 h6 25.g3 f5 26.Nd2 Kf8 27.h3 Ne7 28.e4 fxe4 29.Nxe4 Rc6
30.Kd2 Rxc5 31.Nxc5 Bc6 32.Kc3 Nd5+ 33.Kd4 Ke7 34.Be4 Kd6 35.Bxd5 Bxd5 36.f4 f6
37.g4 f5 38.Nd3 Bg2 39.Nf2 Bf3 40.gxf5 exf5 41.Nd3 Bg2 42.h4 Bd5 43.Ne5 h5
44.Nd3 Bg2 45.Nb2 Bd5 46.Nd1 b6 47.Ne3 Be6 48.Nf1 Bf7 49.Ng3 Bg6 50.Ne2 Bf7
51.Nc3 Bb3 52.Ne2 Bf7 53.Nc1 Bd5 54.Nd3 Be6 55.Nb2 Bb3 56.Nd3 Be6 57.Ne1 Bd5
58.Nc2 Bb3 59.Ne3 Be6 60.a4 a5  1/2-1/2

[Event "Astral Open"]
[Site "Bucharest ROM"]
[Date "2001.04.24"]
[Round "3"]
[White "Panait,M"]
[Black "Mateuta,G"]
[Result "1/2-1/2"]
[WhiteElo "2161"]
[BlackElo "2416"]

1.d4 Nf6 2.Nf3 d5 3.c4 e6 4.Nc3 Be7 5.Bf4 c6 6.e3 O-O 7.Bd3 Nbd7 8.Rc1 Re8
9.h3 Nf8 10.O-O Ng6 11.Bg3 Bd6 12.Ne5 Bxe5 13.dxe5 Nd7 14.f4 a6 15.Qe2 b5
16.cxb5 cxb5 17.b4 Nb6 18.Rfd1 Qe7 19.a3 Bb7 20.Qb2 Red8 21.Bxg6 hxg6 22.Ne2 Nc4
23.Qb3 Rac8 24.Nd4 Rc7  1/2-1/2

[Event "2nd ch-EUR Women"]
[Site "Warsaw POL"]
[Date "2001.04.25"]
[Round "4"]
[White "Galianina Ryjanova,J"]
[Black "Kiseleva,N"]
[Result "1/2-1/2"]
[WhiteElo "2393"]
[BlackElo "2296"]

1.d4 d5 2.c4 e6 3.Nc3 Be7 4.Nf3 Nf6 5.Bf4 O-O 6.e3 c5 7.dxc5 Bxc5 8.cxd5 exd5
9.Be2 Nc6 10.O-O Be6 11.a3 a6 12.Rc1 Ba7 13.Na4 Rc8 14.Nc5 Bxc5 15.Rxc5 Qb6
16.b4 Ne4 17.Rc1 Rfd8  1/2-1/2

[Event "7th"]
[Site "Cutro ITA"]
[Date "2001.04.27"]
[Round "6"]
[White "Ortega,Le"]
[Black "Miladinovic,I"]
[Result "1/2-1/2"]
[WhiteElo "2487"]
[BlackElo "2519"]

1.d4 Nf6 2.Nf3 d5 3.c4 e6 4.Nc3 Be7 5.Bf4 O-O 6.e3 a6 7.a3 dxc4 8.Bxc4 b5
9.Bd3 Bb7 10.O-O c5 11.dxc5 Bxc5 12.Qe2 Nbd7 13.Rfd1 Qe8 14.Bg3 Be7 15.Bc2 Rc8
16.e4 Nh5 17.Bd6 Nb6 18.Ne5 f6 19.Bxe7 Qxe7 20.Qxh5 fxe5 21.Bb3 Rc5 22.Rd2 a5
23.Qh3 Nc4 24.Bxc4 Rxc4 25.Nxb5 Bxe4 26.Nd6 Bf5 27.Qe3 Rg4 28.f3 Rg5 29.Rad1 Bg6
30.b4 axb4 31.axb4 h6 32.b5 Bh5 33.Kh1 e4 34.Nxe4 Rxb5 35.Ng3 Bf7 36.h3 Qh4
37.Ne4 Rd5 38.Qf2 Qf4 39.Qg3 Qxg3 40.Nxg3 Rfd8 41.Rxd5 exd5 42.Nf5 Kf8 43.Kg1 Rb8
44.Rd2 h5  1/2-1/2

[Event "It"]
[Site "Podlehnik SLO"]
[Date "2001.04.27"]
[Round "4"]
[White "Mikhalchishin,A"]
[Black "Krumpacnik,D"]
[Result "1/2-1/2"]
[WhiteElo "2524"]
[BlackElo "2371"]

1.Nf3 d5 2.d4 e6 3.c4 Nf6 4.Nc3 Be7 5.Bf4 O-O 6.e3 c5 7.dxc5 Bxc5 8.cxd5 Nxd5
9.Nxd5 exd5 10.a3 Nc6 11.Bd3 Bb6 12.O-O Bg4 13.h3 Bh5 14.b4 a6 15.Rc1 Re8
16.Be2 Bg6 17.Qb3 d4 18.Rcd1 Qe7 19.Bg5 Qc7 20.Bf4 Qe7 21.Bg5 Qc7 22.Kh1 dxe3
23.fxe3 h6 24.Bf4 Qe7 25.Bc4 Rad8 26.Bd5  1/2-1/2

[Event "Karpov It"]
[Site "Poikovsky RUS"]
[Date "2001.05.02"]
[Round "2"]
[White "Zvjaginsev,V"]
[Black "Bologan,V"]
[Result "1-0"]
[WhiteElo "2627"]
[BlackElo "2676"]

1.d4 Nf6 2.c4 e6 3.Nf3 d5 4.Nc3 Be7 5.Bf4 O-O 6.e3 c5 7.dxc5 Bxc5 8.cxd5 Nxd5
9.Nxd5 exd5 10.a3 Nc6 11.Bd3 Bb6 12.O-O d4 13.e4 Bg4 14.h3 Qf6 15.hxg4 Qxf4
16.Nh2 Rac8 17.g3 Qb8 18.g5 Ne5 19.Kg2 Rfd8 20.f4 Nc4 21.Bxc4 Rxc4 22.Qd3 Qc8
23.Nf3 Rc2+ 24.Rf2 Rxf2+ 25.Kxf2 Qh3 26.Rc1 h6 27.gxh6 Qxh6 28.Kg2 Qg6 29.Ne5 Qe6
30.Kf3 f6 31.Ng6 Qh3 32.f5 Qh5+ 33.Kg2  1-0

[Event "3rd Julian Borowski A"]
[Site "Essen GER"]
[Date "2001.05.04"]
[Round "3"]
[White "Dautov,R"]
[Black "Kasimdzhanov,R"]
[Result "0-1"]
[WhiteElo "2631"]
[BlackElo "2693"]

1.d4 Nf6 2.c4 e6 3.Nf3 d5 4.Nc3 Be7 5.Bf4 O-O 6.e3 Nbd7 7.c5 c6 8.Bd3 b6
9.b4 a5 10.a3 Ba6 11.O-O Qc8 12.h3 Bxd3 13.Qxd3 Qb7 14.Rfc1 h6 15.Qc2 Rfc8
16.Rab1 axb4 17.axb4 Ra7 18.Na4 b5 19.Nc3 Rca8 20.Nd2 Bd8 21.Nb3 Bc7 22.Bxc7 Qxc7
23.f4 Ne4 24.Nxe4 dxe4 25.Qxe4 Nf6 26.Qe5 Nd5 27.Qxc7 Rxc7 28.Ra1 Rxa1 29.Rxa1 Nxe3
30.Ra8+ Kh7 31.Nc1 Rd7 32.Nb3 Nc2 33.g3 Nxb4 34.Kf2 g5 35.Kf3 Kg6 36.Rg8+ Kf5
37.g4+ Kf6 38.fxg5+ hxg5 39.Ke4 Ra7 40.Nd2 Ra3  0-1